000 00792nam a22002417a 4500
003 CHAP
005 20220920173915.0
008 971013s1910 r 00010 d
010 _a24265
011 _a25237
035 _a29337
040 _cCHAP
090 _aFolleto 5811
245 _aInforme del cónsul general de México en San Francisco, California (E.U.A.) sobre la importancia de la explotación del albaricoque o chabacano en California
260 _aMéxico, D.F. :
_bSecretaría de Fomento,
_c1910
300 _a8 p
590 _aCONVERSION
_b10
_c20130109
650 1 4 _aChabacano
_xE.U.A.
_921673
901 _aBK
942 _cFOLL
_2local
949 _aFolleto 5811
_bBC
_cFOLL
_d-67774
_eBPP
_i29337
_mD
_si
949 _aFolleto 5811
_bBC
_cFOLL
_d-67775
_eBPP
_fc.2
_i29337
_mD
_si
999 _c24265
_d24265